| 000 | 01092nam a2200277 a 4500 | ||
|---|---|---|---|
| 001 | BRCA_4095 | ||
| 005 | 20190320204538.0 | ||
| 008 | 080908s2008 si-a#####b---#001-0#eng-# | ||
| 020 | _a9780962274398 | ||
| 041 | _aeng | ||
| 044 | _asi | ||
| 050 | 4 |
_aN7262 _b.T73 2008 |
|
| 245 | 1 | 0 |
_aThe Trammell & Margaret Crow Collection of Asian Art _cedited by Robert R. Belanger ; with essays by Amy Lewis Hofland, Kate Wurtzel, Shiyuan Yuan. |
| 260 |
_aSingapore _bThe Trammell & Margaret Crow Collection of Asian Art _c2008 |
||
| 300 |
_a190 p. _bil. (algunas a color), mapas _c31 cm. |
||
| 500 | _aIncluye cronología de los períodos históricos, glosario e índice general | ||
| 504 | _aBibliografía: p. 184-185 | ||
| 610 | 2 | 4 |
_aTrammell & Margaret Crow Collection of Asian Art _vCatálogos _910606 |
| 650 | 1 | 4 |
_aArte asiático _vCatálogos _910607 |
| 650 | 1 | 4 |
_aArte _vCatálogos _xColecciones privadas _zTexas _910608 |
| 700 | 1 |
_aBelanger, Robert R. _910609 |
|
| 700 | 1 |
_aHofland, Amy Lewis. _910610 |
|
| 700 | 1 |
_aWurtzel, Kate. _910611 |
|
| 700 | 1 |
_aYuan, Shiyuan. _910612 |
|
| 942 |
_2lcc _cB |
||
| 999 |
_c3817 _d3817 |
||